Daň z nehnuteľnosti a sankcie

Bibliographic Details
Main Author: Bubeníková, Irena (Author)
Format: Article
Language:Slovak
ISSN:1335-1583
Subjects:

MARC

LEADER 00000nab a2200000 a 4500
001 vtls000843959
003 SK-MaSNL
005 20260302164131.0
008 180206c2003 xo 0 slo
015 |a SNBRB2003/09-26757 
035 |a CLN000195614 
040 |a SNKBUCL  |b slo  |c SNKBUCL  |e AACR2 
041 0 |a slo 
044 |a xo  |c SK 
080 |a 336.226.212.1:336.225.611  |2 UDC-MRF-SK2 
080 |a 336.225.611  |2 UDC-MRF-SK2 
080 |a 336.225.68  |2 UDC-MRF-SK2 
100 1 |a Bubeníková, Irena  |4 aut  |9 11676 
245 1 0 |a Daň z nehnuteľnosti a sankcie  |c Irena Bubeníková 
650 0 7 |a daň z nehnuteľností  |x povinnosť oznamovacia  |x sankcie  |2 snkbucl  |9 866573 
650 0 7 |a daňové priznanie  |2 snkbucl  |9 70980 
650 0 7 |a sankcie  |2 snkbucl  |9 560843 
655 7 |a články z novín a časopisov  |2 snkbucl  |9 267496 
773 0 |x 1335-1583  |t Poradca  |g Č. 13 (2003), s. 178-181 
850 |a Slovenská národná knižnica v Martine 
852 |a SNK  |b KIS3GCP 
958 |a RBX 
999 |c 1385721  |d 1387651